| 000 | 00862nam a22002177a 4500 | ||
|---|---|---|---|
| 999 |
_c2257 _d2257 |
||
| 003 | AR-CdUCM | ||
| 008 | 190304b ||||| |||| 00| 0 spa d | ||
| 040 |
_aMUNICIPALIDAD PROVINCIAL DEL CUSCO _cBIBLIOTECA MUNICIPAL DEL CUSCO |
||
| 082 |
_22ed. _a346.52 / _bF39 |
||
| 100 |
_aFernández Sessarego, Carlos _98135 |
||
| 245 |
_aDerecho y Persona / _cFernández Sessarego, Carlos |
||
| 260 |
_aLima : _bInstituto Pacifico, _c1995. |
||
| 300 |
_a116 paginas ; _c20cm. |
||
| 505 | _aLa Jusfilosofia y la ciencia juridica -- La complejidad de la experiencia juridica -- Visiones unidimensionales del derecho -- El tridimensionalismo y la experiencia juridica ... | ||
| 650 |
_aResponsabilidad Social _98136 |
||
| 650 |
_aPerú _935 |
||
| 650 |
_aPractica profesional _98137 |
||
| 650 |
_aEtica profesional _98138 |
||
| 942 |
_2ddc _cLIBROS |
||
| 945 |
_apjha _d2019-03-04 |
||